000 00505nam a2200205Ia 4500
005 20240823020538.0
008 240823s9999||||xx |||||||||||||| ||und||
020 _a81-297-0363-7
041 _aENGLISH
082 _A621.395 P5
100 _a"Johnson,Howard"
245 0 _aHigh-Speed Digital Design
250 _a1st
260 _c2005
_bPearson Education (Singapore)
500 _aYES
650 _aDigital Design
_bElectronics
700 _a" Graham,Martin"
942 _cBK
999 _c175002
_d175002